| 000 | 00406 a2200145 4500 | ||
|---|---|---|---|
| 999 |
_c4618 _d4618 |
||
| 020 | _a0869221469 | ||
| 050 | _aPL8547 NDH 1980 | ||
| 100 |
_aNdhlukula, N. P. _eauthor |
||
| 245 |
_aImvelo lolimi lweSiNdebele / _cN.P. Ndhlukula |
||
| 264 |
_aGweru _bMambo Press _c1980 |
||
| 300 | _a169p. | ||
| 500 | _aNdebele customs and folklore | ||
| 650 | _aNdebele customs and folklore | ||
| 942 |
_2lcc _cBK _h8547 _iNDH _kPL |
||